| 000 | 01057nam0a22002771 4500 | ||
|---|---|---|---|
| 001 | rc\4278879 | ||
| 005 | 20130416122111.1 | ||
| 021 |
_aRU _b[63-72549] |
||
| 035 | _a(NLR Aleph) 008492617 | ||
| 090 |
_a8059379 _c8059379 |
||
| 100 | _a20130416d1963 |||y0rusy50 ca | ||
| 101 | 0 | _arus | |
| 102 | _aRU | ||
| 105 | _ay z ||||| | ||
| 200 | 1 |
_aЯ стенографирую под диктовку _e(Сборник текстов для диктантов) _fСост. К.Л. Астахова и В.Н. Куликова _gМ-во просвещения РСФСР. Гос. центр. курсы заоч. обучения стенографии "ГЗОС" |
|
| 210 |
_aМосква _cБ. и. _d1963 |
||
| 215 |
_a46 с. _d20 |
||
| 225 | 1 | _aВ помощь заочнику | |
| 606 |
_aСтенография _jПособия заочные _2psbo |
||
| 700 | 1 |
_aАстахова _bК. Л. _4220 |
|
| 701 | 1 |
_aКуликова _bВ. Н. _4220 |
|
| 801 | 0 |
_aRU _bNLR _gpsbo |
|
| 801 | 1 |
_aRU _bELAR _2rusmarc |
|
| 852 |
_aNLR _j64-4/4305 |
||
| 942 | _cBOOK | ||
| 980 | _aNB | ||